Comunitat, participació i benestar social : en homenatge a Josep M. Rueda (1946-1996) / [compilació: Glòria Rubiol] en homenatge a Josep M. Rueda (1946-1996) / [compilació:
Publicado:
Barcelona :
Diputació de Barcelona, Àrea de Serveis Socials : Fundació d'Estudi i Cooperació, cop. 1998
Descripción Física:
436 p. ; 24 cm
Colección:
Col·lecció serveis socials ; 13
Otros Autores:
Rubiol, Glòria
MARC
| LEADER | 00000nam a2200000Ia 4500 | ||
|---|---|---|---|
| 001 | 11997 | ||
| 008 | 160829s9999 xx 000 0 cat d | ||
| 080 | |a S-1-49 | ||
| 245 | |a Comunitat, participació i benestar social : |b en homenatge a Josep M. Rueda (1946-1996) / [compilació: |b Glòria Rubiol] | ||
| 260 | |a Barcelona : |b Diputació de Barcelona, Àrea de Serveis Socials : |b Fundació d'Estudi i Cooperació, cop. 1998 | ||
| 300 | |a 436 p. ; |c 24 cm | ||
| 490 | |a Col·lecció serveis socials ; 13 | ||
| 590 | |a Textos en català i castellà | ||
| 600 | 0 | |a Rueda Palenzuela, Josep M. |9 108 | |
| 650 | |a Pedagogia |x Reculls d'escrits |9 34387 | ||
| 650 | |a Serveis socials |x Reculls d'escrits |9 34388 | ||
| 650 | |a Benestar social |x Reculls d'escrits |9 34390 | ||
| 700 | |a Rubiol, Glòria |e compilador |9 1340 | ||
| 710 | |a Barcelona (Catalunya : Província). |b Àrea de Serveis Socials |9 53159 | ||
| 710 | 2 | |a Fundació d'Estudi i Cooperació |9 53568 | |
| 901 | |a Arxiu | ||
| 942 | |n 1 |2 udc | ||
| 952 | |0 0 |1 0 |4 0 |6 S149 |7 1 |9 46490 |a Arxiu |b Arxiu |d 2016-12-01 |l 0 |o S-1-49 |p 11997 |r 2016-12-01 00:00:00 |w 2016-12-01 |y ARXIU | ||
| 999 | |c 50280 |d 50280 | ||